[Event "EIBCC 2019"]
[Site "Tallinn"]
[Date "2019.12.07"]
[Round "18.12"]
[White "Ladva, Ottomar"]
[Black "Lintchevski, Daniil"]
[Result "1/2-1/2"]
[WhiteElo "2457"]
[BlackElo "2553"]
[Annotator "ChessBase"]
[PlyCount "117"]
[EventDate "2019.12.06"]
[EventType "swiss"]
[EventCountry "EST"]
[SourceTitle "playchess.com"]
[Source "ChessBase"]
[SourceQuality "1"]

1. Nf3 c5 2. c4 Nc6 3. Nc3 g6 4. e3 Nf6 5. d4 cxd4 6. exd4 d5 7. cxd5 Nxd5 8. Qb3 Nxc3 9. Bc4 e6 10. bxc3 Bg7 11. Ba3 Bf8 12. Bb5 Bd7 13. O-O Na5 14. Qa4 Bxa3 15. Bxd7+ Qxd7 16. Qxa3 Nc4 17. Qb4 Rc8 18. Rab1 b6 19. Rfd1 Qe7 20. Qa4+ Qd7 21. Qb4 Qe7 22. Qa4+ Kf8 23. Ne5 Nxe5 24. dxe5 Rc7 25. h4 Kg7 26. Rd3 Rhc8 27. g3 Rxc3 28. Rd7 Rc1+ 29. Rxc1 Rxc1+ 30. Kg2 Qc5 31. Qe4 a5 32. Qf3 Qc6 33. Rxf7+ Kg8 34. Qxc6 Rxc6 35. Rb7 a4 36. h5 gxh5 37. Kh3 Rc2 38. f4 Rxa2 39. Rxb6 Kf7 40. Ra6 h6 41. Ra7+ Kf8 42. Ra6 Kf7 43. Ra7+ Kg6 44. Re7 Kf5 45. Rf7+ Ke4 46. Re7 Kf5 47. Rf7+ Ke4 48. Re7 Kf3 49. Rxe6 Ra1 50. Kh2 Ra2+ 51. Kh3 Ra1 52. Kh2 h4 53. gxh4 Kxf4 54. Rxh6 Kxe5 55. Ra6 Kf5 56. h5 Rb1 57. Rxa4 Kg5 58. Ra5+ Kh6 59. Kg3 1/2-1/2

[Event "EIBCC 2019"]
[Site "Tallinn"]
[Date "2019.12.07"]
[Round "18.13"]
[White "Ruck, Robert"]
[Black "Nguyen, Thai Dai Van"]
[Result "1/2-1/2"]
[WhiteElo "2541"]
[BlackElo "2419"]
[Annotator "ChessBase"]
[PlyCount "38"]
[EventDate "2019.12.06"]
[EventType "swiss"]
[EventCountry "EST"]
[SourceTitle "playchess.com"]
[Source "ChessBase"]
[SourceQuality "1"]

1. Nf3 d5 2. d4 Nf6 3. c4 e6 4. Nc3 Bb4 5. Bg5 h6 6. Bxf6 Qxf6 7. e3 O-O 8. Rc1 dxc4 9. Bxc4 c5 10. dxc5 Nd7 11. c6 bxc6 12. O-O Rb8 13. Qe2 Ne5 14. Nxe5 Qxe5 15. Rfd1 Be7 16. b3 Qa5 17. Ne4 c5 18. Nd6 Rd8 19. Nxc8 Rbxc8 1/2-1/2

[Event "EIBCC 2019"]
[Site "Tallinn"]
[Date "2019.12.07"]
[Round "18.14"]
[White "Ziska, Helgi Dam"]
[Black "Shubin, Kirill"]
[Result "1-0"]
[WhiteElo "2614"]
[BlackElo "2401"]
[Annotator "ChessBase"]
[PlyCount "105"]
[EventDate "2019.12.06"]
[EventType "swiss"]
[EventCountry "EST"]
[SourceTitle "playchess.com"]
[Source "ChessBase"]
[SourceQuality "1"]

1. e4 e6 2. d3 c5 3. f4 Nc6 4. Nf3 d6 5. Be2 g6 6. O-O Bg7 7. c3 Nge7 8. Be3 O-O 9. d4 cxd4 10. cxd4 d5 11. e5 f6 12. exf6 Bxf6 13. Nc3 Nf5 14. Bf2 Bd7 15. Re1 Qc7 16. Ne5 Nxe5 17. dxe5 Be7 18. Rc1 Qa5 19. a3 Bc6 20. Bd3 Rad8 21. Ne2 d4 22. Qb3 Bd5 23. Qb5 Qxb5 24. Bxb5 Bb3 25. Bd3 Ne3 26. Rc7 Rf7 27. g3 g5 28. Rxb7 Bc2 29. Bxe3 Bxd3 30. Nxd4 gxf4 31. gxf4 Be4 32. Rxa7 Rg7+ 33. Kf1 Bd3+ 34. Ne2 Rb8 35. b4 Rc8 36. Rd7 Bb5 37. Rb7 Bc6 38. Rb6 Bg2+ 39. Kf2 Rc2 40. Rb8+ Kf7 41. Rc1 Bh4+ 42. Kg1 Bf3+ 43. Ng3 Rg2+ 44. Kf1 Rxh2 45. Rc7+ Kg6 46. Rxg7+ Kxg7 47. Bf2 Rg2 48. Nf5+ exf5 49. Bxh4 Ra2 50. e6 Re2 51. e7 Bh5 52. b5 Re6 53. b6 1-0

[Event "EIBCC 2019"]
[Site "Tallinn"]
[Date "2019.12.07"]
[Round "18.15"]
[White "Kozak, Adam"]
[Black "Yuffa, Daniil"]
[Result "1/2-1/2"]
[WhiteElo "2385"]
[BlackElo "2582"]
[Annotator "ChessBase"]
[PlyCount "114"]
[EventDate "2019.12.06"]
[EventType "swiss"]
[EventCountry "EST"]
[SourceTitle "playchess.com"]
[Source "ChessBase"]
[SourceQuality "1"]

1. Nf3 d6 2. d4 Nf6 3. c4 g6 4. Nc3 Bg7 5. e4 O-O 6. Be2 e5 7. O-O Nc6 8. Be3 Ng4 9. Bg5 f6 10. Bh4 Nh6 11. dxe5 dxe5 12. Qb3 Qe7 13. Nd5 Qf7 14. Rad1 Kh8 15. c5 Rb8 16. h3 Be6 17. Qc3 a5 18. a3 g5 19. Bg3 Nf5 20. Bh2 Nfd4 21. Nxd4 Nxd4 22. Rxd4 exd4 23. Qxa5 Bxd5 24. exd5 Qxd5 25. Bxc7 Rbc8 26. Bf3 Qd7 27. Bd6 Rfe8 28. Qb4 f5 29. Bxb7 Rcd8 30. Rd1 Qe6 31. a4 g4 32. hxg4 fxg4 33. Rxd4 Qe1+ 34. Kh2 Qxf2 35. Rxg4 Bxb2 36. Rf4 Qc2 37. Be4 Qc1 38. Qb7 Bg7 39. Rh4 h6 40. Rg4 Qc3 41. Qf7 Qf6 42. Qxf6 Bxf6 43. Bc6 Re6 44. Bb7 Rexd6 45. cxd6 Rxd6 46. a5 Rd4 47. Rxd4 Bxd4 48. Kh3 Kg7 49. Kg4 Kf6 50. Kf4 Ke6 51. Ke4 Bc5 52. Kd3 Kd6 53. Kc4 Be3 54. Kb5 Kc7 55. Bf3 Kb8 56. Ka6 Bf2 57. Kb5 Ka7 1/2-1/2

[Event "EIBCC 2019"]
[Site "Tallinn"]
[Date "2019.12.07"]
[Round "18.16"]
[White "Kulaots, Kaido"]
[Black "Dorokhin, Mykhailo"]
[Result "1-0"]
[WhiteElo "2562"]
[BlackElo "2364"]
[Annotator "ChessBase"]
[PlyCount "61"]
[EventDate "2019.12.06"]
[EventType "swiss"]
[EventCountry "EST"]
[SourceTitle "playchess.com"]
[Source "ChessBase"]
[SourceQuality "1"]

1. e4 c6 2. Nc3 d5 3. Nf3 dxe4 4. Nxe4 Nf6 5. Qe2 Nxe4 6. Qxe4 Nd7 7. Bc4 Nf6 8. Qe2 e6 9. d4 Be7 10. Bd2 Bd7 11. O-O-O b5 12. Bd3 Qb6 13. Kb1 O-O-O 14. c4 bxc4 15. Bxc4 Kb7 16. Qe1 Qc7 17. Ba5 Qf4 18. Bxd8 Rxd8 19. Qe3 Qf5+ 20. Ka1 Be8 21. Rc1 Nd5 22. Bxd5 Rxd5 23. Rc3 Rb5 24. Rb3 Qd5 25. Rxb5+ cxb5 26. Rc1 Bd6 27. g3 f6 28. Nd2 Bf7 29. Ne4 Be7 30. Nc3 Qc4 31. Qf4 1-0

[Event "EIBCC 2019"]
[Site "Tallinn"]
[Date "2019.12.07"]
[Round "18.17"]
[White "Mustaps, Matiss"]
[Black "Gretarsson, Helgi Ass"]
[Result "0-1"]
[WhiteElo "2361"]
[BlackElo "2523"]
[Annotator "ChessBase"]
[PlyCount "82"]
[EventDate "2019.12.06"]
[EventType "swiss"]
[EventCountry "EST"]
[SourceTitle "playchess.com"]
[Source "ChessBase"]
[SourceQuality "1"]

1. e4 g6 2. d4 Bg7 3. Nc3 d6 4. Be3 a6 5. f3 Nd7 6. Qd2 b5 7. a3 Bb7 8. g4 c5 9. Nge2 cxd4 10. Nxd4 Ne5 11. O-O-O Rc8 12. Kb1 Nf6 13. g5 Nfd7 14. f4 Nc4 15. Bxc4 Rxc4 16. h4 Nc5 17. Rhe1 Nxe4 18. Nxe4 Bxe4 19. Rc1 O-O 20. h5 Qa8 21. hxg6 hxg6 22. f5 Qd5 23. f6 exf6 24. b3 Rc7 25. gxf6 Bxf6 26. Kb2 Rfc8 27. c3 a5 28. b4 a4 29. Qd1 Kg7 30. Rf1 Rh8 31. Qd2 Be5 32. Rcd1 Rh2 33. Rf2 Rxf2 34. Qxf2 Kg8 35. Qd2 f6 36. Ka1 Rh7 37. Rc1 Rh2 38. Bf2 Bg3 39. Rf1 Qc4 40. Rg1 Rxf2 41. Ne2 Rxe2 0-1

[Event "EIBCC 2019"]
[Site "Tallinn"]
[Date "2019.12.07"]
[Round "18.18"]
[White "Schneider, Ilja"]
[Black "Duzhakov, Ilya"]
[Result "1-0"]
[WhiteElo "2483"]
[BlackElo "2346"]
[Annotator "ChessBase"]
[PlyCount "96"]
[EventDate "2019.12.06"]
[EventType "swiss"]
[EventCountry "EST"]
[SourceTitle "playchess.com"]
[Source "ChessBase"]
[SourceQuality "1"]

1. d4 Nf6 2. Bg5 e6 3. e4 h6 4. Bxf6 Qxf6 5. Nc3 Qd8 6. Qd2 d5 7. O-O-O dxe4 8. Nxe4 Be7 9. g3 Bd7 10. Bg2 Bc6 11. f4 a5 12. Ne2 a4 13. a3 b5 14. d5 Bxd5 15. N2c3 c6 16. f5 Bg5 17. Nxg5 Qxg5 18. Kb1 Qxd2 19. Rxd2 O-O 20. fxe6 fxe6 21. Re1 Ra7 22. Bh3 Rf6 23. Nxd5 cxd5 24. Bxe6+ Kh8 25. Bxd5 Nd7 26. Re8+ Nf8 27. Be4 g5 28. Rb8 Re7 29. Bd3 Re1+ 30. Ka2 Rh1 31. Bxb5 Kg7 32. Rb7+ Kg6 33. g4 h5 34. Be8+ Kh6 35. gxh5 Re6 36. Bxa4 Kxh5 37. c4 Ree1 38. c5 Ne6 39. b4 Ra1+ 40. Kb3 Rhc1 41. Be8+ Kh4 42. Rh7+ Kg4 43. Bd7 Re1 44. Re7 Kf5 45. Rxe6 Rxe6 46. Rf2+ Ke5 47. Re2+ Kd4 48. Rxe6 Kd5 1-0

[Event "EIBCC 2019"]
[Site "Tallinn"]
[Date "2019.12.07"]
[Round "18.19"]
[White "Pohjala, Henri"]
[Black "Blohberger, Felix"]
[Result "1-0"]
[WhiteElo "2447"]
[BlackElo "2330"]
[Annotator "NA"]
[PlyCount "55"]
[EventDate "2019.12.06"]
[EventType "swiss"]
[EventCountry "EST"]
[SourceTitle "playchess.com"]
[Source "ChessBase"]
[SourceQuality "1"]

1. d4 Nf6 2. Bg5 e6 3. Nf3 d5 4. e3 c5 5. Nbd2 Nc6 6. c3 Be7 7. Bd3 O-O 8. Qe2 h6 9. Bf4 Bd6 10. Bxd6 Qxd6 11. O-O e5 12. dxc5 Qxc5 13. e4 Qe7 14. Rfe1 dxe4 15. Nxe4 Nxe4 16. Bxe4 f6 17. Nh4 Rd8 18. Qh5 Qe8 19. Bg6 Qe7 20. Re3 Be6 21. Rg3 Kh8 22. Be4 Qf7 23. Bg6 Qe7 24. h3 Rd2 25. Bf5 Bf7 26. Ng6+ Bxg6 27. Qxg6 Kg8 28. Qh7+ 1-0

[Event "EIBCC 2019"]
[Site "Tallinn"]
[Date "2019.12.07"]
[Round "18.20"]
[White "Kukk, Sander"]
[Black "Belyakov, Bogdan"]
[Result "1-0"]
[WhiteElo "2312"]
[BlackElo "2431"]
[Annotator "NA"]
[PlyCount "75"]
[EventDate "2019.12.06"]
[EventType "swiss"]
[EventCountry "EST"]
[SourceTitle "playchess.com"]
[Source "ChessBase"]
[SourceQuality "1"]

1. b3 c5 2. Bb2 Nc6 3. e3 d5 4. Nf3 f6 5. d4 cxd4 6. exd4 Bg4 7. Be2 e6 8. O-O Bd6 9. Nbd2 Nge7 10. c4 O-O 11. h3 Bh5 12. Rc1 Bf7 13. a3 a5 14. Re1 Kh8 15. Bd3 Bg8 16. Qc2 Rc8 17. c5 Bb8 18. Qc3 Qc7 19. b4 axb4 20. axb4 e5 21. dxe5 fxe5 22. b5 d4 23. Qa3 Nd8 24. Nxe5 Ne6 25. c6 bxc6 26. bxc6 Nd5 27. Ndf3 Nc3 28. Bxc3 dxc3 29. Qxc3 Nf4 30. Bf1 Ba7 31. Red1 Qb6 32. Rc2 Nd5 33. Qb2 Qc7 34. Bc4 Rb8 35. Qa1 Nb4 36. Rd7 Nxc2 37. Ng6+ hxg6 38. Qxg7# 1-0

[Event "EIBCC 2019"]
[Site "Tallinn"]
[Date "2019.12.07"]
[Round "18.21"]
[White "Aleksandrov, Aleksej"]
[Black "Kashtanov, Ruslan"]
[Result "1-0"]
[WhiteElo "2416"]
[BlackElo "2302"]
[Annotator "NA"]
[PlyCount "57"]
[EventDate "2019.12.06"]
[EventType "swiss"]
[EventCountry "EST"]
[SourceTitle "playchess.com"]
[Source "ChessBase"]
[SourceQuality "1"]

1. d4 Nf6 2. c4 g6 3. Nc3 Bg7 4. e4 d6 5. h3 O-O 6. Be3 a6 7. Nf3 Nbd7 8. Be2 c5 9. O-O cxd4 10. Nxd4 Re8 11. Qc2 b6 12. b4 Bb7 13. Rfc1 Rc8 14. Nb3 Qc7 15. a4 Ne5 16. Nd2 Nc6 17. Rab1 e6 18. b5 axb5 19. Nxb5 Qd8 20. Qd3 Bf8 21. Na7 Nxa7 22. Bxb6 Qd7 23. Bxa7 Bxe4 24. Nxe4 Nxe4 25. Bd4 Nc5 26. Qf3 Qxa4 27. Qf6 e5 28. Bxc5 Rxc5 29. Rb7 1-0

[Event "EIBCC 2019"]
[Site "Tallinn"]
[Date "2019.12.07"]
[Round "18.22"]
[White "Sysolyatin, Evgeny"]
[Black "Kanep, Meelis"]
[Result "0-1"]
[WhiteElo "2396"]
[BlackElo "2280"]
[Annotator "NA"]
[PlyCount "89"]
[EventDate "2019.12.06"]
[EventType "swiss"]
[EventCountry "EST"]
[SourceTitle "playchess.com"]
[Source "ChessBase"]
[SourceQuality "1"]

1. e4 c5 2. Nf3 d6 3. d4 cxd4 4. Nxd4 Nf6 5. Nc3 Nc6 6. Bb5 Bd7 7. O-O e5 8. Nf3 h6 9. Re1 Be7 10. Nd5 Nxd5 11. Qxd5 O-O 12. Be3 Nb4 13. Qxb7 Bxb5 14. Qxb5 Nxc2 15. Qa4 Nxa1 16. Rxa1 Qc8 17. h3 Qb7 18. b3 a5 19. Rd1 Rfc8 20. Nd2 Qc6 21. Qxc6 Rxc6 22. Nc4 Rb8 23. Nxa5 Ra6 24. Rd5 Bd8 25. Bd2 Bxa5 26. Bxa5 Rc8 27. a4 Rc1+ 28. Kh2 Rb1 29. Rb5 Rc6 30. Bb6 Rc3 31. b4 Rc4 32. Ba5 Ra1 33. Rb8+ Kh7 34. Rd8 Rxa4 35. Rxd6 Rxe4 36. Rd7 f6 37. Rb7 Re2 38. Kg3 Ra3+ 39. f3 Raa2 40. Kg4 Rxg2+ 41. Kf5 Rgf2 42. Bd8 Rxf3+ 43. Ke6 e4 44. Kd5 e3 45. Kc4 0-1

[Event "EIBCC 2019"]
[Site "Tallinn"]
[Date "2019.12.07"]
[Round "18.23"]
[White "Shapiro, Viktor"]
[Black "Studer, Noel"]
[Result "1-0"]
[WhiteElo "2267"]
[BlackElo "2394"]
[Annotator "NA"]
[PlyCount "61"]
[EventDate "2019.12.06"]
[EventType "swiss"]
[EventCountry "EST"]
[SourceTitle "playchess.com"]
[Source "ChessBase"]
[SourceQuality "1"]

1. Nf3 d5 2. g3 c5 3. Bg2 Nf6 4. d3 e6 5. O-O Nc6 6. c4 d4 7. e3 Bd6 8. exd4 cxd4 9. a3 a5 10. Nbd2 O-O 11. Re1 Re8 12. Rb1 e5 13. Qc2 Nd7 14. Ne4 Bf8 15. Nh4 a4 16. b4 axb3 17. Qxb3 Qa5 18. Re2 g6 19. Qb5 f5 20. Ng5 Nc5 21. Bd5+ Kg7 22. Bxc6 bxc6 23. Qxc6 Ba6 24. Rb6 Be7 25. Rxe5 Bxg5 26. Rxe8 Rxe8 27. Bxg5 Qe1+ 28. Kg2 Re6 29. Qxc5 Qe2 30. Rxe6 Qxe6 31. Qxd4+ 1-0

[Event "EIBCC 2019"]
[Site "Tallinn"]
[Date "2019.12.07"]
[Round "18.24"]
[White "Volodin, Aleksandr"]
[Black "Azimov, Ilyas"]
[Result "1/2-1/2"]
[WhiteElo "2401"]
[BlackElo "2183"]
[Annotator "NA RC"]
[PlyCount "96"]
[EventDate "2019.12.06"]
[EventType "swiss"]
[EventCountry "EST"]
[SourceTitle "playchess.com"]
[Source "ChessBase"]
[SourceQuality "1"]

1. d4 Nf6 2. c4 e6 3. Nf3 Bb4+ 4. Bd2 Qe7 5. g3 O-O 6. Bg2 Bxd2+ 7. Nbxd2 d6 8. e3 Nbd7 9. O-O e5 10. Qc2 c6 11. Rac1 h6 12. b4 a5 13. b5 c5 14. dxe5 Nxe5 15. Nxe5 dxe5 16. Ne4 Rb8 17. Rfd1 Bf5 18. Nxf6+ Qxf6 19. Qc3 b6 20. Rd5 Rfe8 21. Rcd1 Rbd8 22. Rxd8 Rxd8 23. Bd5 Be6 24. e4 Bxd5 25. exd5 Qd6 26. Re1 Re8 27. Qf3 g6 28. Qe3 Kh7 29. g4 Qf6 30. Qe4 Qg5 31. h3 f5 32. Qg2 Qd2 33. Qf1 e4 34. Re2 Qd3 35. Re3 Qd4 36. gxf5 gxf5 37. Rg3 f4 38. Rg4 Rg8 39. Rxg8 Kxg8 40. Qg2+ Kh7 41. Qg4 Qg7 42. Kf1 Qxg4 43. hxg4 Kg7 44. Ke2 Kf6 45. a4 Ke5 46. Ke1 Kd6 47. Kf1 Ke5 48. Kg2 Kd6 1/2-1/2

[Event "EIBCC 2019"]
[Site "Tallinn"]
[Date "2019.12.07"]
[Round "18.25"]
[White "Krupenski, Juri"]
[Black "Vlassow, Valentin"]
[Result "0-1"]
[WhiteElo "2413"]
[BlackElo "2265"]
[Annotator "NA"]
[PlyCount "90"]
[EventDate "2019.12.06"]
[EventType "swiss"]
[EventCountry "EST"]
[SourceTitle "playchess.com"]
[Source "ChessBase"]
[SourceQuality "1"]

1. d4 d5 2. c4 Bf5 3. Nc3 e6 4. Bf4 Nf6 5. e3 Be7 6. cxd5 exd5 7. Bd3 Bxd3 8. Qxd3 O-O 9. Nge2 c6 10. O-O-O Nbd7 11. f3 Qa5 12. Kb1 Rfe8 13. g4 Nb6 14. b3 Qa3 15. Bc7 Qb4 16. Ng3 a5 17. Bxb6 Qxb6 18. Na4 Qb4 19. Qc3 b5 20. Qxb4 Bxb4 21. Nb2 Rxe3 22. Rhf1 g6 23. Nd3 Bd6 24. g5 Nd7 25. f4 a4 26. Rfe1 Rae8 27. Ne5 Rxe1 28. Rxe1 Bxe5 29. fxe5 axb3 30. axb3 c5 31. Ne2 b4 32. Nf4 cxd4 33. Nxd5 Rxe5 34. Rxe5 Nxe5 35. Nxb4 f6 36. gxf6 Kf7 37. Nd5 Ke6 38. Nf4+ Kxf6 39. Kc2 g5 40. Nh5+ Kf5 41. b4 Ke4 42. Nf6+ Ke3 43. Nxh7 Ke2 44. Nxg5 d3+ 45. Kc3 d2 0-1

[Event "EIBCC 2019"]
[Site "Tallinn"]
[Date "2019.12.07"]
[Round "18.26"]
[White "Babanin, Gleb"]
[Black "Lobanov, Sergei"]
[Result "1/2-1/2"]
[WhiteElo "2201"]
[BlackElo "2394"]
[Annotator "NA"]
[PlyCount "141"]
[EventDate "2019.12.06"]
[EventType "swiss"]
[EventCountry "EST"]
[SourceTitle "playchess.com"]
[Source "ChessBase"]
[SourceQuality "1"]

1. e4 c6 2. Nc3 d5 3. Nf3 Bg4 4. h3 Bxf3 5. Qxf3 e6 6. Be2 Nd7 7. O-O g6 8. d4 Bg7 9. Rd1 Ne7 10. a4 O-O 11. a5 h6 12. a6 b6 13. Qg3 Nf6 14. Bf3 Kh7 15. e5 Nd7 16. Ne2 c5 17. c3 cxd4 18. cxd4 Rc8 19. Bd2 Rc4 20. Bc3 Nf5 21. Qh2 b5 22. b3 Rc6 23. Bb4 Re8 24. g4 Nh4 25. Qg3 Nb8 26. Nc3 Nxa6 27. Ba5 Nxf3+ 28. Qxf3 Qd7 29. Nxb5 Rf8 30. Qe2 f5 31. Rdc1 fxg4 32. hxg4 Nb8 33. Bb4 Rf4 34. Bd6 Rxc1+ 35. Rxc1 Nc6 36. f3 a6 37. Qe3 Qf7 38. Kg2 axb5 39. Rxc6 g5 40. Qd3+ Qg6 41. Qxg6+ Kxg6 42. Bc5 Kf7 43. Rb6 Bf8 44. Rxb5 Kg6 45. Bxf8 Rxf8 46. Rb6 Kf7 47. Kf2 Rc8 48. Ke3 Rc3+ 49. Ke2 Rc2+ 50. Kd3 Rf2 51. Ke3 Rc2 52. Rb7+ Kf8 53. b4 Rc3+ 54. Kf2 Rd3 55. Rh7 Rxd4 56. Rxh6 Kf7 57. Rh7+ Kf8 58. Rh5 Rxb4 59. Rxg5 Rb2+ 60. Kg3 Re2 61. Rh5 Kg7 62. f4 Re4 63. Rh1 Kg6 64. Rf1 Re3+ 65. Kh4 Re2 66. f5+ Kf7 67. Kg5 Rxe5 68. Ra1 exf5 69. gxf5 Re7 70. Ra5 Rd7 71. Kf4 1/2-1/2

[Event "EIBCC 2019"]
[Site "Tallinn"]
[Date "2019.12.07"]
[Round "18.27"]
[White "Loginov, Valery A"]
[Black "Belenkaya, Dina"]
[Result "0-1"]
[WhiteElo "2376"]
[BlackElo "2203"]
[Annotator "NA"]
[PlyCount "122"]
[EventDate "2019.12.06"]
[EventType "swiss"]
[EventCountry "EST"]
[SourceTitle "playchess.com"]
[Source "ChessBase"]
[SourceQuality "1"]

1. Nf3 d5 2. g3 Bg4 3. Bg2 Nd7 4. c4 c6 5. cxd5 cxd5 6. Nc3 Ngf6 7. Qb3 Nb6 8. d3 e6 9. O-O Bd6 10. Nb5 Bb8 11. Be3 O-O 12. Bc5 Re8 13. Rac1 a6 14. Nd6 Bxd6 15. Bxb6 Qd7 16. Rc2 Rec8 17. Rfc1 Rxc2 18. Qxc2 e5 19. a3 Rc8 20. Qxc8+ Qxc8 21. Rxc8+ Bxc8 22. Nd2 Kf8 23. Bd8 Be6 24. Nb3 Nd7 25. Na5 b5 26. Nc6 Ke8 27. Ba5 f6 28. Kf1 Nc5 29. Bb4 Kd7 30. Na5 Na4 31. Bxd6 Kxd6 32. b3 Nc3 33. Ke1 Nb1 34. a4 bxa4 35. bxa4 Nc3 36. Nb7+ Kc6 37. Nd8+ Kd7 38. Nxe6 Kxe6 39. a5 Nb1 40. Bh3+ f5 41. e4 g6 42. g4 f4 43. g5+ Kd6 44. Bc8 Na3 45. Bxa6 Nc2+ 46. Kd2 Nd4 47. Kc3 Nf3 48. Bb7 Nxg5 49. a6 d4+ 50. Kb4 Kc7 51. Bd5 Kb6 52. a7 Kxa7 53. Kc5 Nf3 54. Kd6 h5 55. h3 g5 56. Be6 Kb6 57. Bf5 Kb5 58. Bg6 g4 59. hxg4 h4 60. g5 h3 61. Bh5 Nxg5 0-1

[Event "EIBCC 2019"]
[Site "Tallinn"]
[Date "2019.12.07"]
[Round "18.28"]
[White "Seeman, Tarvo"]
[Black "Timoshin, Andrei"]
[Result "1-0"]
[WhiteElo "2358"]
[BlackElo "2130"]
[Annotator "NA"]
[PlyCount "65"]
[EventDate "2019.12.06"]
[EventType "swiss"]
[EventCountry "EST"]
[SourceTitle "playchess.com"]
[Source "ChessBase"]
[SourceQuality "1"]

1. Nf3 d5 2. g3 g6 3. Bg2 Bg7 4. d4 Nf6 5. O-O O-O 6. c4 c6 7. cxd5 cxd5 8. Nc3 Nc6 9. Ne5 Bf5 10. Nxc6 bxc6 11. Bf4 Re8 12. Qd2 Ne4 13. Nxe4 dxe4 14. Rfd1 Qd5 15. Rac1 Red8 16. b3 Rac8 17. Be3 Qb5 18. Rc5 Qa6 19. Qc2 Rd6 20. Bxe4 Bxe4 21. Qxe4 Qxe2 22. Rd2 Qe1+ 23. Kg2 Re6 24. Qf3 Rd6 25. d5 Rcd8 26. Re2 Qd1 27. Rxc6 Rxd5 28. Rec2 Qe1 29. Rc8 h5 30. Qxd5 Rxc8 31. Rxc8+ Kh7 32. Qxf7 Qe2 33. Qg8# 1-0

[Event "EIBCC 2019"]
[Site "Tallinn"]
[Date "2019.12.07"]
[Round "18.29"]
[White "Szadkowski, Kamil"]
[Black "Smirnov, Artem"]
[Result "1/2-1/2"]
[WhiteElo "2095"]
[BlackElo "2283"]
[Annotator "NA"]
[PlyCount "68"]
[EventDate "2019.12.06"]
[EventType "swiss"]
[EventCountry "EST"]
[SourceTitle "playchess.com"]
[Source "ChessBase"]
[SourceQuality "1"]

1. e4 c5 2. Nf3 Nc6 3. d4 cxd4 4. Nxd4 e6 5. Nc3 Qc7 6. Be3 a6 7. Qd2 Nf6 8. O-O-O Bb4 9. f3 Ne7 10. Nb3 d5 11. Bg5 dxe4 12. Bxf6 gxf6 13. fxe4 Bd7 14. Qd4 Bxc3 15. bxc3 e5 16. Qf2 f5 17. Be2 Qxc3 18. Rd3 Qc7 19. Rhd1 Be6 20. Qg3 fxe4 21. Rd6 Rc8 22. R1d2 Ng6 23. Bh5 O-O 24. h4 Rfd8 25. Rxd8+ Rxd8 26. Be2 Rxd2 27. Nxd2 Kf8 28. h5 Nf4 29. Bf1 Qd6 30. Qg5 Qd4 31. Nb3 Qc3 32. Qd8+ Kg7 33. Qg5+ Kf8 34. Qd8+ Kg7 1/2-1/2

[Event "EIBCC 2019"]
[Site "Tallinn"]
[Date "2019.12.07"]
[Round "18.31"]
[White "Potapov, Pavel"]
[Black "Chibukhchyan, Erik"]
[Result "1/2-1/2"]
[WhiteElo "2464"]
[BlackElo "2230"]
[Annotator "ChessBase"]
[PlyCount "105"]
[EventDate "2019.12.06"]
[EventType "swiss"]
[EventCountry "EST"]
[SourceTitle "playchess.com"]
[Source "ChessBase"]
[SourceQuality "1"]

1. e4 e5 2. Nf3 Nc6 3. Bc4 Nf6 4. d3 h6 5. O-O d6 6. c3 g6 7. Re1 Bg7 8. a4 a5 9. h3 O-O 10. Nbd2 d5 11. exd5 Nxd5 12. Nf1 Re8 13. Qb3 Be6 14. Qxb7 Qd6 15. Qb3 Rab8 16. Qc2 f5 17. Ng3 Kh7 18. Bd2 Rbd8 19. Rad1 Nb6 20. Bb5 Bd5 21. Nh2 Re7 22. c4 Nd4 23. Qc3 Bb7 24. Qxa5 Nxb5 25. Qxb5 Bc6 26. Qb4 Qxb4 27. Bxb4 Red7 28. b3 Rxd3 29. Rxd3 Rxd3 30. Rb1 e4 31. Nhf1 Bd4 32. Ne2 Be5 33. g3 g5 34. a5 Nc8 35. Bd2 Kg6 36. b4 Nd6 37. b5 Ba8 38. Rc1 Ra3 39. a6 Ra4 40. Ne3 h5 41. Bc3 Kf6 42. Nd5+ Bxd5 43. cxd5 Nxb5 44. Bxe5+ Kxe5 45. Rc6 Kxd5 46. Rg6 c5 47. Rxg5 Ke5 48. g4 hxg4 49. hxg4 Nd6 50. gxf5 Rxa6 51. f6+ Kxf6 52. Rxc5 Nf5 53. Ng3 1/2-1/2

[Event "EIBCC 2019"]
[Site "Tallinn"]
[Date "2019.12.07"]
[Round "18.32"]
[White "Golikov, Daniil"]
[Black "Mohr, Georg"]
[Result "0-1"]
[WhiteElo "2220"]
[BlackElo "2458"]
[Annotator "ChessBase"]
[PlyCount "156"]
[EventDate "2019.12.06"]
[EventType "swiss"]
[EventCountry "EST"]
[SourceTitle "playchess.com"]
[Source "ChessBase"]
[SourceQuality "1"]

1. Nf3 g6 2. d4 Bg7 3. g3 c5 4. Bg2 cxd4 5. Nxd4 Nc6 6. Nb3 Nf6 7. Nc3 O-O 8. O-O d6 9. e4 Bg4 10. f3 Be6 11. h3 a5 12. Be3 Qc8 13. Kh2 a4 14. Nd4 Nxd4 15. Bxd4 Qc4 16. Ne2 Rfc8 17. c3 Qb5 18. Qd2 Bc4 19. Rfe1 e5 20. Bg1 d5 21. exd5 Nxd5 22. f4 exf4 23. Nxf4 Nxf4 24. gxf4 Rd8 25. Qf2 Be6 26. a3 Rd7 27. Qc2 Bb3 28. Qe2 Bc4 29. Qf2 Rad8 30. Qf3 Rd2 31. Rad1 Qxb2 32. Rxd2 Qxd2 33. Qf2 Qxf2 34. Bxf2 b5 35. Re3 h5 36. Be1 Rd1 37. Bc6 Bf8 38. Re8 Kg7 39. Bf2 Bxa3 40. Bd4+ f6 41. Rb8 Bd6 42. Rb7+ Kh6 43. Bxf6 Bxf4+ 44. Kg2 Rd6 45. Bg7+ Kg5 46. Be4 Bd5 47. Rxb5 Be5 48. Rxd5 Rxd5 49. Bxd5 Bxg7 50. c4 Bd4 51. Be4 Bc5 52. Kf3 a3 53. Bb1 Kf6 54. Ke4 g5 55. Kd5 g4 56. hxg4 hxg4 57. Ke4 g3 58. Kf3 Bd6 59. c5 Bc7 60. Ba2 Kf5 61. Bb3 Kg5 62. Ba2 Kh4 63. Be6 Bb8 64. Kg2 Kg5 65. Kf3 Kf6 66. Ba2 Ke7 67. Bd5 Be5 68. Kg2 Kd8 69. Kf3 Kc7 70. Kg2 Kb8 71. Kf3 Ka7 72. Bc4 Kb7 73. Bd5+ Ka6 74. c6 Kb6 75. Kg2 Bc7 76. Kf3 Kc5 77. Ba2 Kd4 78. Kg2 Kc3 0-1

[Event "EIBCC 2019"]
[Site "Tallinn"]
[Date "2019.12.07"]
[Round "18.33"]
[White "Paakkonen, Timo"]
[Black "Putka, Verners"]
[Result "1-0"]
[WhiteElo "2216"]
[BlackElo "2448"]
[Annotator "TA"]
[PlyCount "28"]
[EventDate "2019.12.06"]
[EventType "swiss"]
[EventCountry "EST"]
[SourceTitle "playchess.com"]
[Source "ChessBase"]
[SourceQuality "1"]

1. e4 e5 2. Nc3 Nf6 3. f4 d5 4. fxe5 Nxe4 5. Nf3 Bc5 6. d4 Bb4 7. Bd2 Nxd2 8. Qxd2 Bg4 9. Be2 c6 10. O-O Nd7 11. Ng5 Be6 12. Nxe6 fxe6 13. Bg4 g6 14. a3 Qe7 1-0

[Event "EIBCC 2019"]
[Site "Tallinn"]
[Date "2019.12.07"]
[Round "18.34"]
[White "Poznyak, Nazar"]
[Black "Zelbel, Patrick"]
[Result "0-1"]
[WhiteElo "2211"]
[BlackElo "2425"]
[Annotator "NA"]
[PlyCount "52"]
[EventDate "2019.12.06"]
[EventType "swiss"]
[EventCountry "EST"]
[SourceTitle "playchess.com"]
[Source "ChessBase"]
[SourceQuality "1"]

1. d4 Nf6 2. c4 e6 3. Nc3 Bb4 4. e3 O-O 5. Nge2 Re8 6. a3 Bf8 7. g3 d5 8. cxd5 exd5 9. Bg2 a5 10. O-O c6 11. Rb1 Na6 12. Qd3 g6 13. f3 Bf5 14. e4 dxe4 15. fxe4 Nc5 16. Qc4 Ncxe4 17. Nxe4 Nxe4 18. Rxf5 Nd6 19. Qd3 Nxf5 20. b4 axb4 21. axb4 Bg7 22. b5 Nxd4 23. Nxd4 Bxd4+ 24. Kf1 Qf6+ 25. Bf3 Ra2 26. Bd2 Rxd2 0-1